[Event "RA March op"]
[Site "Ottawa  CAN"]
[Date "2019.03.01"]
[Round "1"]
[White "Villeneuve, Robert"]
[Black "Dukic, Zachary"]
[Result "0-1"]
[WhiteElo "2054"]
[BlackElo "2370"]
[PlyCount "70"]
[EventDate "2019.03.01"]
[EventType "swiss"]
[EventRounds "5"]
[EventCountry "CAN"]

1. e4 e5 2. Nc3 Nf6 3. Bc4 Bc5 4. d3 O-O 5. f4 exf4 6. Bxf4 Re8 7. Nge2 d6 8.
Qd2 c6 9. Bg5 d5 10. exd5 h6 11. Bxf6 Qxf6 12. Ne4 Qxb2 13. Rd1 Bg4 14. dxc6
Nxc6 15. Bxf7+ Kxf7 16. Qf4+ Kg8 17. Qxg4 Qxc2 18. Nxc5 Qxc5 19. Qc4+ Qxc4 20.
dxc4 Re4 21. Rd2 Rae8 22. Kd1 Rxc4 23. Rf1 Ne5 24. h3 Rc7 25. Rf2 Nc4 26. Rd4
Ne3+ 27. Kd2 Nc2 28. Rd6 Na3 29. Kd1 b5 30. Rf4 Nc4 31. Rdd4 Ne3+ 32. Kd2 Rc2+
33. Kd3 Rxa2 34. Rd7 Rxe2 35. Rff7 Rxg2 0-1

[Event "RA March op"]
[Site "Ottawa  CAN"]
[Date "2019.03.02"]
[Round "2"]
[White "Dukic, Zachary"]
[Black "Dunne, Francesco"]
[Result "1-0"]
[WhiteElo "2370"]
[BlackElo "2220"]
[PlyCount "75"]
[EventDate "2019.03.01"]
[EventType "swiss"]
[EventRounds "5"]
[EventCountry "CAN"]

1. e4 e5 2. Nf3 Nc6 3. Bb5 a6 4. Ba4 Nf6 5. O-O Be7 6. d3 b5 7. Bb3 d6 8. a3
Na5 9. Ba2 c5 10. Nc3 Be6 11. Nd5 O-O 12. b4 Nc6 13. c3 Nd7 14. Be3 Kh8 15. a4
Rb8 16. axb5 axb5 17. Qd2 f5 18. exf5 Bxf5 19. Nxe7 Qxe7 20. Bd5 Rb6 21. Ng5
Nf6 22. Bf3 Rc8 23. Ne4 Nd8 24. Ra5 Rbb8 25. bxc5 dxc5 26. Rb1 b4 27. cxb4 cxb4
28. Ra7 Nd7 29. Ra6 Bxe4 30. dxe4 Nc5 31. Rd6 Nf7 32. Rd5 Na4 33. Rd7 Qe6 34.
Qd5 Qxd5 35. exd5 Nd8 36. Rb3 Rc3 37. Rxb4 Ra3 38. g3 1-0

[Event "RA March op"]
[Site "Ottawa  CAN"]
[Date "2019.03.02"]
[Round "2"]
[White "Fei, David"]
[Black "Xu, Daniel"]
[Result "0-1"]
[WhiteElo "1997"]
[BlackElo "2111"]
[PlyCount "118"]
[EventDate "2019.03.01"]
[EventType "swiss"]
[EventRounds "5"]
[EventCountry "CAN"]

1. e4 c5 2. Nf3 d6 3. d4 cxd4 4. Nxd4 Nf6 5. Bd3 a6 6. O-O e5 7. Nb3 Be6 8. c4
a5 9. Nc3 a4 10. Nd2 Qa5 11. Nd5 Nbd7 12. b4 axb3 13. Nxb3 Qd8 14. f4 Bxd5 15.
cxd5 Qb6+ 16. Kh1 exf4 17. Bxf4 g6 18. Qe2 Bg7 19. Rab1 O-O 20. Nd2 Qc7 21. Nc4
Ne5 22. Nxe5 dxe5 23. Rfc1 Qe7 24. Be3 Rfc8 25. Rxc8+ Rxc8 26. Qb2 Ng4 27. Bg1
f5 28. Qb3 Kh8 29. Be2 Nf6 30. exf5 gxf5 31. Rd1 Ne4 32. Qh3 Rf8 33. Bh5 Qg5
34. Be3 f4 35. Bg1 Rf5 36. Bg4 Rf6 37. Qf3 Nd6 38. Be6 e4 39. Qg4 Qxg4 40. Bxg4
e3 41. g3 Ne4 42. gxf4 Rxf4 43. Be6 e2 44. Re1 Rf1 45. Rxe2 Bd4 46. Kg2 Rxg1+
47. Kf3 Nd6 48. Kf4 Rf1+ 49. Kg4 Rf2 50. Rxf2 Bxf2 51. Kf3 Bd4 52. Ke2 Kg7 53.
Kd3 Bc5 54. Ke2 Kf6 55. Kf3 Ke5 56. Kg4 Be3 57. Kf3 Bc1 58. Ke2 Nb5 59. Kd1 Bf4
0-1

[Event "RA March op"]
[Site "Ottawa  CAN"]
[Date "2019.03.02"]
[Round "2"]
[White "Sambuev, Bator"]
[Black "Gordon, David"]
[Result "1-0"]
[WhiteElo "2539"]
[BlackElo "2290"]
[PlyCount "89"]
[EventDate "2019.03.01"]
[EventType "swiss"]
[EventRounds "5"]
[EventCountry "CAN"]

1. Nf3 Nf6 2. c4 e6 3. g3 b6 4. Bg2 Bb7 5. O-O c5 6. Nc3 d5 7. Ne5 Nbd7 8. Qa4
Bd6 9. cxd5 Nxd5 10. Nc4 Bb8 11. Ne3 Nxc3 12. dxc3 Qc8 13. Rd1 Bxg2 14. Nxg2 a6
15. Bf4 b5 16. Qe4 Bxf4 17. Qxf4 O-O 18. Rd6 Nf6 19. Ne3 Rd8 20. Rad1 Rxd6 21.
Qxd6 c4 22. f3 h6 23. Kf2 Qb7 24. Rd4 Re8 25. Ng4 Nd5 26. Ne5 Qb6 27. Qxb6 Nxb6
28. b3 Rc8 29. bxc4 bxc4 30. Ke1 f6 31. Rd6 Nd5 32. Nc6 Rc7 33. Kd2 Kf7 34. e4
Ne7 35. Nd8+ Kg6 36. Nxe6 Rb7 37. Kc2 a5 38. Ra6 Rb5 39. Ra7 Kf7 40. Nc7 Rh5
41. Nd5 Rxh2+ 42. Kd1 Rxa2 43. Nxe7 a4 44. Nf5+ Kf8 45. Nxg7 1-0

[Event "RA March op"]
[Site "Ottawa  CAN"]
[Date "2019.03.02"]
[Round "2"]
[White "Simic, Dusan"]
[Black "Demchenko, Svitlana"]
[Result "1/2-1/2"]
[WhiteElo "2204"]
[BlackElo "2347"]
[PlyCount "33"]
[EventDate "2019.03.01"]
[EventType "swiss"]
[EventRounds "5"]
[EventCountry "CAN"]

1. e4 d5 2. exd5 Nf6 3. Bb5+ Bd7 4. Bxd7+ Qxd7 5. Nf3 Nxd5 6. O-O Nc6 7. d4
O-O-O 8. c3 Nf6 9. Nbd2 e5 10. dxe5 Ng4 11. Qa4 Ngxe5 12. Nxe5 Nxe5 13. Qxa7
Qc6 14. Nb3 Bd6 15. Nd4 Qd5 16. Qa8+ Kd7 17. Qa4+ 1/2-1/2

[Event "RA March op"]
[Site "Ottawa  CAN"]
[Date "2019.03.02"]
[Round "2"]
[White "Tomb, Maroun"]
[Black "Khan, Alexandre"]
[Result "1-0"]
[WhiteElo "2306"]
[BlackElo "1818"]
[PlyCount "71"]
[EventDate "2019.03.01"]
[EventType "swiss"]
[EventRounds "5"]
[EventCountry "CAN"]

1. e4 c6 2. Nc3 d5 3. Nf3 Bg4 4. h3 Bxf3 5. Qxf3 dxe4 6. Nxe4 e6 7. c3 Nd7 8.
d4 Ngf6 9. Bd3 h6 10. O-O Nxe4 11. Bxe4 Nf6 12. Bc2 Bd6 13. Re1 Qc7 14. a4 O-O
15. Bxh6 gxh6 16. Qxf6 Bh2+ 17. Kh1 Qf4 18. Qxf4 Bxf4 19. Re4 Bd6 20. Rae1 Rfe8
21. f4 Kg7 22. f5 Kf6 23. g4 Re7 24. Kg2 Rae8 25. fxe6 Rxe6 26. Kf3 Kg5 27. h4+
Kf6 28. a5 c5 29. dxc5 Bxc5 30. Rd1 Rxe4 31. Bxe4 b6 32. a6 Re6 33. b4 Bd6 34.
Bf5 Be5 35. Bxe6 fxe6 36. Rd7 1-0

[Event "RA March op"]
[Site "Ottawa  CAN"]
[Date "2019.03.02"]
[Round "3"]
[White "Demchenko, Svitlana"]
[Black "Gordon, David"]
[Result "1-0"]
[WhiteElo "2347"]
[BlackElo "2290"]
[PlyCount "79"]
[EventDate "2019.03.01"]
[EventType "swiss"]
[EventRounds "5"]
[EventCountry "CAN"]

1. d4 Nf6 2. c4 c5 3. d5 e6 4. Nc3 exd5 5. cxd5 d6 6. e4 g6 7. Bb5+ Bd7 8. a4
Bg7 9. Nf3 O-O 10. Nd2 Re8 11. O-O Na6 12. Bxa6 bxa6 13. f3 Nh5 14. Nc4 f5 15.
Be3 f4 16. Bf2 Be5 17. Nxe5 Rxe5 18. Nb1 Qg5 19. Be1 Rb8 20. Bc3 Ng3 21. hxg3
fxg3 22. Re1 Qh4 23. Bxe5 dxe5 24. b3 Rb4 25. Nd2 Qh2+ 26. Kf1 Rd4 27. Qc2 Qh1+
28. Ke2 Qxg2+ 29. Kd1 Qf2 30. Qc3 h5 31. Qe3 Qxe3 32. Rxe3 h4 33. Kc2 g2 34.
Re2 h3 35. Nc4 Bxa4 36. Ne3 Bxb3+ 37. Kxb3 Rd3+ 38. Kc4 Rxe3 39. Rxe3 h2 40.
Ree1 1-0

[Event "RA March op"]
[Site "Ottawa  CAN"]
[Date "2019.03.02"]
[Round "3"]
[White "Dukic, Zachary"]
[Black "Sambuev, Bator"]
[Result "0-1"]
[WhiteElo "2370"]
[BlackElo "2539"]
[PlyCount "86"]
[EventDate "2019.03.01"]
[EventType "swiss"]
[EventRounds "5"]
[EventCountry "CAN"]

1. e4 e5 2. Nf3 Nc6 3. Bb5 a6 4. Ba4 Nf6 5. O-O Nxe4 6. d4 b5 7. Bb3 d5 8. dxe5
Be6 9. Nbd2 Be7 10. Nxe4 dxe4 11. Bxe6 fxe6 12. Qxd8+ Rxd8 13. Ng5 Nd4 14. Nxe4
Nxc2 15. Rb1 Rd5 16. Nc3 Rd4 17. Ne2 Rd5 18. Nc3 Rd7 19. Ne4 Nb4 20. a3 Nd3 21.
Bg5 Rd5 22. Bxe7 Kxe7 23. f3 c5 24. b3 Rhd8 25. Nf2 Nxe5 26. Rfe1 Nd3 27. Re3
Nxf2 28. Kxf2 Rd2+ 29. Re2 R8d4 30. Rb2 Rxb2 31. Rxb2 Kd6 32. Ke3 e5 33. g3 Kd5
34. f4 e4 35. g4 Rd3+ 36. Ke2 Kd4 37. f5 Re3+ 38. Kf2 Kd3 39. Rb1 Re2+ 40. Kg3
e3 41. Rf1 Rd2 42. g5 e2 43. Rf3+ Kc2 0-1

[Event "RA March op"]
[Site "Ottawa  CAN"]
[Date "2019.03.02"]
[Round "3"]
[White "Villeneuve, Robert"]
[Black "Yao, Houji"]
[Result "0-1"]
[WhiteElo "2054"]
[BlackElo "2227"]
[PlyCount "92"]
[EventDate "2019.03.01"]
[EventType "swiss"]
[EventRounds "5"]
[EventCountry "CAN"]

1. e4 c5 2. Nf3 e6 3. d4 cxd4 4. Nxd4 Nc6 5. Nc3 Qc7 6. g3 a6 7. Bg2 Nf6 8. O-O
Nxd4 9. Qxd4 Bc5 10. Bf4 d6 11. Qd3 Ng4 12. Na4 Ne5 13. Bxe5 dxe5 14. Nxc5 Qxc5
15. Rfd1 O-O 16. c3 b6 17. Qd6 Bb7 18. Qxc5 bxc5 19. Rd2 a5 20. Rad1 Rfc8 21.
f3 Kf8 22. Kf2 Bc6 23. Bf1 Ke7 24. Ke3 g5 25. Be2 Rab8 26. b3 Rc7 27. Bc4 Rd7
28. Rxd7+ Bxd7 29. a3 Rc8 30. Kd3 Bc6 31. Rb1 f5 32. Ke3 h5 33. Bd3 Kf6 34. Rd1
g4 35. f4 Rd8 36. fxe5+ Kxe5 37. exf5 exf5 38. Rf1 Bf3 39. Rf2 h4 40. Rb2 hxg3
41. hxg3 Rh8 42. b4 axb4 43. axb4 Rh3 44. b5 Rxg3 45. Rh2 Be4+ 46. Kf2 Rxd3 0-1

[Event "RA March op"]
[Site "Ottawa  CAN"]
[Date "2019.03.02"]
[Round "3"]
[White "Zhu, Matthew"]
[Black "Tomb, Maroun"]
[Result "0-1"]
[WhiteElo "1895"]
[BlackElo "2306"]
[PlyCount "94"]
[EventDate "2019.03.01"]
[EventType "swiss"]
[EventRounds "5"]
[EventCountry "CAN"]

1. e4 c5 2. Nf3 e6 3. d4 cxd4 4. Nxd4 a6 5. Nc3 b5 6. Be3 Bb7 7. f3 Qc7 8. Be2
Nf6 9. a3 d5 10. exd5 Nxd5 11. Nxd5 Bxd5 12. O-O Nd7 13. Rc1 Bd6 14. f4 O-O 15.
Kh1 Nb6 16. Rf2 Rad8 17. h3 Nc4 18. Bxc4 Qxc4 19. Qe2 Qc8 20. Rd1 Be4 21. Qg4
f5 22. Qh4 Rf6 23. Rfd2 Rh6 24. Qg3 Be7 25. Kg1 Rf8 26. Qe1 Rff6 27. Ne2 Rfg6
28. Ng3 Bc6 29. Kf1 Qb7 30. b4 Bh4 31. Bc5 Rxg3 32. Rd8+ Kf7 33. Rf8+ Kg6 34.
Qxe6+ Bf6 35. Rd6 Bxg2+ 36. Ke1 Qe4+ 37. Qxe4 fxe4 38. Rdxf6+ gxf6 39. Rg8+ Kf5
40. Rxg3 Bxh3 41. Rc3 Bg4 42. Be3 Rh1+ 43. Kf2 Rh2+ 44. Kg1 Re2 45. Rc5+ Kg6
46. Rc3 Bf3 47. Kf1 h5 0-1

[Event "RA March op"]
[Site "Ottawa  CAN"]
[Date "2019.03.03"]
[Round "4"]
[White "Ning, Alwin"]
[Black "Dunne, Francesco"]
[Result "1/2-1/2"]
[WhiteElo "1811"]
[BlackElo "2220"]
[PlyCount "120"]
[EventDate "2019.03.01"]
[EventType "swiss"]
[EventRounds "5"]
[EventCountry "CAN"]

1. e4 e5 2. Nf3 Nc6 3. Bc4 Bc5 4. d3 Nf6 5. Nc3 O-O 6. Bg5 h6 7. Bh4 Be7 8. h3
d6 9. a3 Be6 10. Ba2 Bxa2 11. Rxa2 Qd7 12. O-O Rad8 13. Bg3 Qe6 14. Ra1 d5 15.
exd5 Nxd5 16. Nxd5 Qxd5 17. Qe2 Bd6 18. Qe4 Qe6 19. Rfe1 f5 20. Qa4 Rde8 21.
Qb5 e4 22. Bxd6 Qxd6 23. dxe4 fxe4 24. Qc4+ Qe6 25. Rxe4 Qxc4 26. Rxc4 Re2 27.
Re1 Rxe1+ 28. Nxe1 Rd8 29. Kf1 Kf7 30. h4 g5 31. Nd3 Rd5 32. hxg5 hxg5 33. Rc5
Rxc5 34. Nxc5 Na5 35. b4 Nc4 36. a4 b6 37. Na6 Na3 38. c3 Nb1 39. Nxc7 Nxc3 40.
a5 Ke7 41. Ke1 Na2 42. axb6 axb6 43. Nd5+ Kd6 44. Nxb6 Nxb4 45. Ke2 Ke5 46. Kf3
Nd3 47. Nc4+ Kf5 48. Nd6+ Ke5 49. Nf7+ Kf6 50. Nh6 Kg6 51. Ng4 Kf5 52. Ne3+ Ke5
53. Kg3 Ke4 54. Ng4 Kf5 55. f3 Nf4 56. Kf2 Nd3+ 57. Ke3 Ne1 58. g3 Nc2+ 59. Kd3
Nb4+ 60. Kc4 Nc6 1/2-1/2

[Event "RA March op"]
[Site "Ottawa  CAN"]
[Date "2019.03.02"]
[Round "4"]
[White "Sambuev, Bator"]
[Black "Demchenko, Svitlana"]
[Result "1-0"]
[WhiteElo "2539"]
[BlackElo "2347"]
[PlyCount "67"]
[EventDate "2019.03.01"]
[EventType "swiss"]
[EventRounds "5"]
[EventCountry "CAN"]

1. d4 f5 2. c4 Nf6 3. Nc3 g6 4. h4 Bg7 5. Nh3 d6 6. Nf4 e5 7. dxe5 dxe5 8.
Qxd8+ Kxd8 9. Nfd5 c6 10. Nxf6 Bxf6 11. e4 Be6 12. Bg5 Ke7 13. O-O-O Na6 14.
exf5 gxf5 15. f4 Bxg5 16. hxg5 exf4 17. Rh6 Rag8 18. Ne2 Bxc4 19. Nxf4 Bxf1 20.
Re6+ Kf8 21. Rxf1 Rxg5 22. Rfe1 Rhg8 23. Re8+ Kf7 24. R8e7+ Kf8 25. Rxh7 Nc5
26. b4 Rg4 27. Ree7 R8g5 28. g3 Rxf4 29. gxf4 Nd3+ 30. Kd2 Nxf4 31. Rxb7 Kg8
32. Rhd7 Rg2+ 33. Ke3 Nd5+ 34. Kf3 1-0

[Event "RA March op"]
[Site "Ottawa  CAN"]
[Date "2019.03.03"]
[Round "4"]
[White "Simic, Dusan"]
[Black "Dukic, Zachary"]
[Result "0-1"]
[WhiteElo "2204"]
[BlackElo "2370"]
[PlyCount "76"]
[EventDate "2019.03.01"]
[EventType "swiss"]
[EventRounds "5"]
[EventCountry "CAN"]

1. c4 g6 2. d4 Nf6 3. Nc3 Bg7 4. e4 d6 5. Nf3 O-O 6. g3 a6 7. Bg2 Nc6 8. O-O
Bg4 9. Be3 Nd7 10. Qd2 e5 11. d5 Bxf3 12. Bxf3 Nd4 13. Bg2 c5 14. dxc6 bxc6 15.
f4 Rb8 16. f5 Qb6 17. Rf2 Qc5 18. b3 Nf6 19. h3 gxf5 20. exf5 d5 21. Bh6 Nxf5
22. Bxg7 Nxg7 23. Kh2 Nfh5 24. cxd5 cxd5 25. Nxd5 f5 26. Rc1 Qd6 27. Rc6 Qd8
28. Rc7 f4 29. g4 Ng3 30. Qc3 Qg5 31. Qc4 Kh8 32. Nc3 Rbd8 33. Nd5 e4 34. Rc5
Ne6 35. Ra5 f3 36. Bf1 Qe5 37. Kg1 Nxf1 38. Kxf1 Qa1+ 0-1

[Event "RA March op"]
[Site "Ottawa  CAN"]
[Date "2019.03.03"]
[Round "4"]
[White "Yao, Houji"]
[Black "Xu, Daniel"]
[Result "1-0"]
[WhiteElo "2227"]
[BlackElo "2111"]
[PlyCount "91"]
[EventDate "2019.03.01"]
[EventType "swiss"]
[EventRounds "5"]
[EventCountry "CAN"]

1. e4 c5 2. Nf3 d6 3. d4 cxd4 4. Nxd4 Nf6 5. Nc3 a6 6. Be2 e5 7. Nb3 Be7 8. Be3
Be6 9. O-O O-O 10. Qd3 Nc6 11. Rad1 Nb4 12. Qd2 Qc7 13. a3 Nc6 14. Nd5 Bxd5 15.
exd5 Nb8 16. c4 Nbd7 17. f3 b6 18. Nc1 h6 19. b4 Nh7 20. Bf2 f5 21. Nb3 Bg5 22.
Qc2 Rac8 23. c5 bxc5 24. bxc5 Nxc5 25. Nxc5 dxc5 26. Bxa6 Ra8 27. d6 Qb6 28.
Bc4+ Kh8 29. a4 Rad8 30. h4 Bf6 31. Qxf5 Bxh4 32. Qxe5 Bxf2+ 33. Rxf2 Rf6 34.
d7 Nf8 35. Rb2 Qa7 36. Qd5 Ng6 37. Bb5 Nf4 38. Qe5 Ne6 39. Rd6 c4+ 40. Rf2 Nf4
41. Qe8+ Kh7 42. Qe4+ Ng6 43. Rxf6 gxf6 44. Qxc4 Ne5 45. Qe6 Rg8 46. Qxg8+ 1-0

[Event "RA March op"]
[Site "Ottawa  CAN"]
[Date "2019.03.03"]
[Round "5"]
[White "Demchenko, Svitlana"]
[Black "Ning, Alwin"]
[Result "1-0"]
[WhiteElo "2347"]
[BlackElo "1811"]
[PlyCount "143"]
[EventDate "2019.03.01"]
[EventType "swiss"]
[EventRounds "5"]
[EventCountry "CAN"]

1. e4 e5 2. Nf3 Nc6 3. Bc4 Bc5 4. c3 Nf6 5. d3 d6 6. O-O O-O 7. Bb3 h6 8. h3
Bb6 9. Nbd2 Re8 10. Re1 Ne7 11. Nf1 Ng6 12. Ng3 d5 13. exd5 Nxd5 14. d4 Nf6 15.
Qc2 Be6 16. Nxe5 Bxb3 17. Qxb3 Nxe5 18. Rxe5 Rxe5 19. dxe5 Nd7 20. e6 Ne5 21.
exf7+ Nxf7 22. Be3 Bxe3 23. fxe3 b6 24. Rf1 Qd7 25. Rf3 Rd8 26. Ne4 Qd1+ 27.
Qxd1 Rxd1+ 28. Rf1 Rxf1+ 29. Kxf1 Ne5 30. Ke2 Kf7 31. b3 Ke6 32. Ng3 g5 33. e4
Ng6 34. Nf5 Nf4+ 35. Kf3 h5 36. h4 Kf6 37. hxg5+ Kxg5 38. Nd4 a6 39. g3 Nd3 40.
Ne6+ Kf6 41. Nxc7 Nc1 42. Nxa6 Nxa2 43. Nb4 Nxc3 44. Nd5+ Nxd5 45. exd5 Ke5 46.
d6 Kxd6 47. Kf4 Kc5 48. Kg5 Kb4 49. Kxh5 Kxb3 50. g4 Ka3 51. g5 b5 52. g6 b4
53. g7 b3 54. g8=Q b2 55. Qg6 Ka2 56. Qc2 Ka1 57. Qa4+ Kb1 58. Kg4 Kc1 59. Qc4+
Kd2 60. Qb3 Kc1 61. Qc3+ Kb1 62. Kf3 Ka2 63. Qa5+ Kb3 64. Qb5+ Kc2 65. Qc4+ Kd2
66. Qb3 Kc1 67. Qc3+ Kb1 68. Ke2 Ka2 69. Qc2 Ka1 70. Qa4+ Kb1 71. Kd3 Kc1 72.
Qc2# 1-0

[Event "RA March op"]
[Site "Ottawa  CAN"]
[Date "2019.03.03"]
[Round "5"]
[White "Dunne, Francesco"]
[Black "Simic, Dusan"]
[Result "1-0"]
[WhiteElo "2220"]
[BlackElo "2204"]
[PlyCount "39"]
[EventDate "2019.03.01"]
[EventType "swiss"]
[EventRounds "5"]
[EventCountry "CAN"]

1. e4 e6 2. d4 d5 3. Nd2 Nf6 4. e5 Nfd7 5. Bd3 c5 6. c3 Nc6 7. Ne2 cxd4 8. cxd4
Be7 9. Nf3 f6 10. Nf4 Nf8 11. exf6 gxf6 12. O-O Bd7 13. Ng5 h5 14. Be2 Qb6 15.
Bxh5+ Rxh5 16. Qxh5+ Kd8 17. Nf3 Rc8 18. Be3 Be8 19. Qg4 Bd7 20. Qg7 1-0

[Event "RA March op U1600"]
[Site "Ottawa  CAN"]
[Date "2019.03.02"]
[Round "2"]
[White "Dupont-Mageau, Nicolas"]
[Black "Wang, Derek"]
[Result "1/2-1/2"]
[WhiteElo "1423"]
[BlackElo "1402"]
[PlyCount "33"]
[EventDate "2019.03.01"]
[EventType "swiss"]
[EventRounds "5"]
[EventCountry "CAN"]

1. e4 c5 2. Nc3 d6 3. f4 Nc6 4. Nf3 Nf6 5. Bc4 e6 6. d3 a6 7. O-O d5 8. exd5
exd5 9. Qe1+ Be7 10. Bb3 O-O 11. Ne5 Be6 12. Nxc6 bxc6 13. f5 Bd7 14. Qg3 Nh5
15. Qf3 Nf6 16. Qg3 Nh5 17. Qf3 1/2-1/2

[Event "RA March op U1900"]
[Site "Ottawa CAN"]
[Date "2019.03.01"]
[Round "1"]
[White "Kuryliw, Ray"]
[Black "Masse-Garneau, Anthony"]
[Result "1/2-1/2"]
[WhiteElo "1803"]
[BlackElo "1674"]
[PlyCount "132"]
[EventDate "2019.03.01"]
[EventType "swiss"]
[EventRounds "5"]
[EventCountry "CAN"]

1. d4 d5 2. c4 c6 3. Nc3 dxc4 4. a4 e5 5. e3 exd4 6. exd4 Be6 7. Nf3 Bb4 8. Qc2
Nd7 9. Be3 b5 10. axb5 cxb5 11. Nd2 Bxc3 12. bxc3 Ngf6 13. Be2 O-O 14. Bf3 Bd5
15. O-O Bxf3 16. Nxf3 Qc7 17. Qf5 a6 18. Bf4 Qc6 19. Rfe1 Rfe8 20. Kf1 Nd5 21.
Bd2 N7b6 22. Ng5 Rxe1+ 23. Rxe1 Nf6 24. Re7 Nbd5 25. Rxf7 Qe8 26. Rb7 Qc6 27.
Qe6+ Qxe6 28. Nxe6 Ne8 29. Nc5 Nec7 30. Ke1 a5 31. Kd1 a4 32. Kc1 a3 33. Kb1
Re8 34. Ra7 Re2 35. Kc1 Rxf2 36. Rxa3 Rxg2 37. Ra7 Rxh2 38. Ne4 h5 39. Ng5 g6
40. Rb7 Rh1+ 41. Kc2 h4 42. Rb8+ Kg7 43. Rb7 Kf6 44. Ne4+ Kf5 45. Nd6+ Kg4 46.
Nxb5 Nxb5 47. Rxb5 Nf4 48. d5 Nxd5 49. Rxd5 h3 50. Rg5+ Kf3 51. Rxg6 h2 52. Rh6
Kg2 53. Bf4 Rf1 54. Rxh2+ Kf3 55. Bd2 Ra1 56. Rh4 Ra2+ 57. Kc1 Ra1+ 58. Kb2 Ra4
59. Bg5 Kg3 60. Rd4 Kf3 61. Be7 Ke3 62. Bb4 Rxb4+ 63. cxb4 Kxd4 64. Kc2 c3 65.
b5 Kc5 66. Kxc3 Kxb5 1/2-1/2

[Event "RA March op U1900"]
[Site "Ottawa CAN"]
[Date "2019.03.02"]
[Round "2"]
[White "Lemieux, Richard"]
[Black "Laurin, Marcel"]
[Result "1-0"]
[WhiteElo "1850"]
[BlackElo "1701"]
[PlyCount "61"]
[EventDate "2019.03.01"]
[EventType "swiss"]
[EventRounds "5"]
[EventCountry "CAN"]

1. e4 g6 2. Nc3 Bg7 3. d4 d6 4. Bc4 a6 5. Be3 b5 6. Bb3 Bb7 7. f3 Nd7 8. Nge2
e6 9. Qd2 c5 10. dxc5 dxc5 11. a3 Rc8 12. Rd1 c4 13. Ba2 Ne7 14. O-O h6 15. Kh1
g5 16. b3 Ng6 17. bxc4 bxc4 18. Na4 Qc7 19. Qxd7+ Qxd7 20. Rxd7 Kxd7 21. Nb6+
Ke7 22. Nxc8+ Rxc8 23. Rb1 Rc7 24. Bb6 Rc6 25. Bd4 Bxd4 26. Rxb7+ Kf6 27. Nxd4
Rd6 28. c3 e5 29. Bxc4 Nh8 30. Ne2 Rd1+ 31. Ng1 1-0

[Event "RA March op U1900"]
[Site "Ottawa CAN"]
[Date "2019.03.02"]
[Round "2"]
[White "Masse-Garneau, Anthony"]
[Black "Danilov, Alex"]
[Result "0-1"]
[WhiteElo "1674"]
[BlackElo "1725"]
[PlyCount "96"]
[EventDate "2019.03.01"]
[EventType "swiss"]
[EventRounds "5"]
[EventCountry "CAN"]

1. d4 Nf6 2. Nf3 e6 3. c4 b6 4. g3 Bb7 5. Bg2 Be7 6. O-O O-O 7. Nc3 d6 8. Re1
Nbd7 9. e4 e5 10. d5 a6 11. a4 a5 12. Ng5 Ba6 13. b3 h6 14. Nh3 Nh7 15. f4 exf4
16. gxf4 Bf6 17. Qc2 Bh4 18. Re2 Bf6 19. Bd2 Bd4+ 20. Be3 Bxe3+ 21. Rxe3 Qf6
22. Rf1 Qd4 23. Rff3 Rae8 24. Ne2 Qc5 25. Rg3 f5 26. Kh1 Ndf6 27. e5 Ng4 28.
Rxg4 fxg4 29. Rg3 gxh3 30. Bxh3 dxe5 31. Qg6 Qe7 32. Be6+ Kh8 33. Bf5 Rxf5 34.
Qxf5 exf4 35. Nxf4 Qe1+ 36. Kg2 Qe4+ 37. Qxe4 Rxe4 38. Rf3 Bc8 39. Ng6+ Kg8 40.
Kf2 Nf6 41. h4 Bg4 42. Re3 Rxe3 43. Kxe3 Bd1 44. Ne7+ Kf7 45. Nc6 Bxb3 46. c5
Bxd5 47. cxb6 Bxc6 48. bxc7 Nd5+ 0-1

[Event "RA March op U1900"]
[Site "Ottawa CAN"]
[Date "2019.03.02"]
[Round "3"]
[White "Laurin, Marcel"]
[Black "Masse-Garneau, Anthony"]
[Result "0-1"]
[WhiteElo "1701"]
[BlackElo "1674"]
[PlyCount "46"]
[EventDate "2019.03.01"]
[EventType "swiss"]
[EventRounds "5"]
[EventCountry "CAN"]

1. d4 Nf6 2. c4 e5 3. e3 e4 4. Ne2 d5 5. Nec3 c6 6. Be2 Bd6 7. cxd5 cxd5 8. Qb3
O-O 9. Nxd5 Nxd5 10. Bc4 Nb6 11. O-O Bxh2+ 12. Kxh2 Qc7+ 13. Kg1 Qxc4 14. Qd1
Qe6 15. Nc3 Nd5 16. Bd2 Nc6 17. f3 exf3 18. Qxf3 Nxc3 19. Bxc3 Qg6 20. d5 Bg4
21. Qf4 Ne7 22. e4 Rad8 23. Bb4 Qb6+ 0-1

[Event "RA March op U1900"]
[Site "Ottawa CAN"]
[Date "2019.03.02"]
[Round "4"]
[White "Laurin, Marcel"]
[Black "Kanel, Nikolai"]
[Result "1-0"]
[WhiteElo "1701"]
[BlackElo "1699"]
[PlyCount "77"]
[EventDate "2019.03.01"]
[EventType "swiss"]
[EventRounds "5"]
[EventCountry "CAN"]

1. d4 d5 2. c4 c6 3. cxd5 cxd5 4. Nc3 Nf6 5. Bf4 a6 6. e3 Bf5 7. Rc1 e6 8. Nf3
Nbd7 9. Bd3 Bg4 10. h3 Bh5 11. g4 Bg6 12. Bxg6 hxg6 13. Qd3 Bb4 14. a3 Be7 15.
Ke2 Qb6 16. Rc2 Rc8 17. Rhc1 Qd8 18. Ng5 Nb6 19. Nb1 Rxc2+ 20. Qxc2 Nc4 21. b3
Nxa3 22. Nxa3 Bxa3 23. Qc7 O-O 24. Rc2 Qxc7 25. Rxc7 b5 26. Ra7 Nh7 27. Nf3 Rc8
28. Rxa6 Rc2+ 29. Kd3 Rxf2 30. Rxa3 Rxf3 31. Ra8+ Nf8 32. Bd6 Rxh3 33. Rxf8+
Kh7 34. Rxf7 Rh4 35. g5 Rg4 36. Bf4 Kg8 37. Re7 Rg1 38. Rxe6 Rd1+ 39. Kc2 1-0

[Event "RA March op U1900"]
[Site "Ottawa CAN"]
[Date "2019.03.03"]
[Round "4"]
[White "Masse-Garneau, Anthony"]
[Black "Langer, Herb"]
[Result "1/2-1/2"]
[WhiteElo "1674"]
[BlackElo "1757"]
[PlyCount "111"]
[EventDate "2019.03.01"]
[EventType "swiss"]
[EventRounds "5"]
[EventCountry "CAN"]

1. f4 Nf6 2. Nf3 d6 3. e3 Bg4 4. b3 Nc6 5. Bb5 Qd7 6. h3 Bxf3 7. Qxf3 a6 8.
Bxc6 Qxc6 9. Qxc6+ bxc6 10. d3 g6 11. Bb2 Bg7 12. e4 Nh5 13. Bxg7 Nxg7 14. Kf2
Ne6 15. Ke3 c5 16. c3 Kd7 17. Nd2 a5 18. a4 Rab8 19. Rab1 Nd8 20. g4 Nc6 21. f5
f6 22. Rhg1 g5 23. Nf3 h5 24. h4 hxg4 25. Rxg4 gxh4 26. Rxh4 Rxh4 27. Nxh4 Rh8
28. Nf3 Rh3 29. Ke2 e6 30. fxe6+ Kxe6 31. Rg1 Rh8 32. Rg7 Ne7 33. Kd2 Rg8 34.
Rxg8 Nxg8 35. Ke3 Ne7 36. Nd2 Nc6 37. d4 cxd4+ 38. cxd4 d5 39. exd5+ Kxd5 40.
Nf3 f5 41. Kd3 f4 42. Kc3 Ke4 43. Ng5+ Ke3 44. d5 Nb4 45. Kc4 f3 46. Nxf3 Kxf3
47. Kb5 Nxd5 48. Kxa5 Ke4 49. Kb5 Kd4 50. Kc6 Nb4+ 51. Kxc7 Kc3 52. Kb6 Kxb3
53. Kb5 Ka3 54. a5 Kb3 55. a6 Nxa6 56. Kxa6 1/2-1/2

[Event "RA March op U1900"]
[Site "Ottawa CAN"]
[Date "2019.03.03"]
[Round "5"]
[White "Lemieux, Richard"]
[Black "Masse-Garneau, Anthony"]
[Result "0-1"]
[WhiteElo "1850"]
[BlackElo "1674"]
[PlyCount "100"]
[EventDate "2019.03.01"]
[EventType "swiss"]
[EventRounds "5"]
[EventCountry "CAN"]

1. e4 e5 2. Nf3 Nf6 3. Nc3 Nc6 4. d4 exd4 5. Nxd4 Bb4 6. Bg5 O-O 7. a3 Bxc3+ 8.
bxc3 h6 9. Nxc6 bxc6 10. Bxf6 Qxf6 11. Qd4 Qe6 12. Bc4 d5 13. Bd3 dxe4 14. Qxe4
Qxe4+ 15. Bxe4 Re8 16. O-O-O Rxe4 17. Rd8+ Kh7 18. Rhd1 Re7 19. R1d4 Bb7 20.
Rxa8 Bxa8 21. Ra4 c5 22. f3 c6 23. Kd2 Kg6 24. Kd3 h5 25. Kc4 Re2 26. Rxa7 Rxg2
27. Rxa8 Rxh2 28. a4 Rxc2 29. a5 h4 30. a6 Ra2 31. Kxc5 h3 32. Rh8 Rxa6 33.
Rxh3 Ra8 34. c4 Ra4 35. Rh4 Ra3 36. Rf4 f5 37. Kxc6 Kg5 38. Rd4 Rxf3 39. Kd5 f4
40. c5 Rc3 41. c6 f3 42. Kd6 f2 43. Rd1 Kg4 44. c7 Kg3 45. Kd7 Kg2 46. c8=Q
Rxc8 47. Kxc8 f1=Q 48. Rxf1 Kxf1 49. Kd7 g5 50. Ke6 g4 0-1